000 00577nam a2200229Ia 4500
003 OSt
005 20230616090113.0
008 210423s2017 xx 000 0 und d
020 _a9788123911496
040 _cAL
041 _aeng
082 _a537.622
_223
_bSZEP
100 _aSZE (SM);NG (Kwok K)
_993324
245 _aPhysics of semiconductor devices
250 _a3
260 _aNew Delhi
_bWiley India Pvt Ltd
_c2017
300 _ax, 815
_bPB
365 _b789
_cINR
650 _aElectricity
_993325
906 _aFood ; Nutrition ; Science
942 _2ddc
_cBK
999 _c170246
_d170246